00326nam a2200133Ia 4500003000900000008004100009040001300050040001300063100002000076245006100096260002100157300000800178490000600186IT-RoPAU120407s9999 xx 000 0 und d aIT-RoPAU cIT-RoPAU aFranco Molinari aMille e una risposta cristiana. Un catechismo in pillole aEdizioni Paoline c cm v1